cerdo iberico + peligro extinción - Statistiques

Statistiques générales
  • Ce quiz a été pris 14 fois
  • Le résultat moyen est 7 sur 16
Statistiques - réponses
Par images Réponse % Correct
chato murciano
75%
iberico lampiño
75%
iberico manchado de jabugo
75%
iberico retinto
75%
iberico torbiscal
75%
celta
50%
euskal txerria
50%
iberico entrepelado
50%
iberico retinto
50%
negro canario
50%
celta
25%
celta
25%
negro canario
25%
gochu arturcelta
0%
gochu arturcelta
0%
negro malloquin
0%
Aucun quiz correspondant
Distribution des résultats
% des personnes avec chaque résultat
Percentile par nombre de réponses
Votre historique - résultats
Vous n’avez pas pris ce quiz